[Event "Portugal Open 2019"]
[Site "Lisbon"]
[Date "2019.02.05"]
[Round "5.39"]
[White "Pacan-Milej, Kosma"]
[Black "Huse, Sigurd Kjelsbol"]
[Result "1-0"]
[WhiteElo "2273"]
[BlackElo "2080"]
[Annotator "TA"]
[PlyCount "45"]
[EventDate "2019.01.25"]
[EventType "swiss"]
[EventCountry "POR"]
[SourceTitle "playchess.com"]
[Source "ChessBase"]
[SourceQuality "1"]

{[%evp 9,45,20,29,27,73,75,89,84,87,101,217,203,256,149,185,175,184,191,176,167,241,210,225,232,317,328,547,538,653,627,677,689,910,924,1518,1493,1438,1439]} 1. d4 (1. Nf3 d5 2. d4 Nf6 3. c4 {1-0 (40) Gelfand,B (2695)-Artemiev,V (2704) Poikovsky 2018}) 1... d5 $146 ({Predecessor:} 1... e6 2. c4 d5 3. Nf3 Nf6 4. Nc3 c6 5. Qc2 {1-0 (29) Mestrovic,J (1814)-Kacunko,J (2011) Split 2009}) 2. c4 c6 3. Nf3 Nf6 4. Nc3 a6 5. Qc2 e6 (5... g6 6. Bg5 Be6 7. e4 dxe4 8. Nxe4 Nbd7 9. Nxf6+ exf6 10. Bd2 Bg7 11. Be2 O-O 12. O-O Bf5 13. Qb3 {1-0 (40) Gelfand,B (2695)-Artemiev,V (2704) Poikovsky 2018}) 6. e4 {D15: Slav Defence: 4 Nc3 a6 and gambit lines after 4 Nc3 dxc4} dxc4 7. Bxc4 b5 ({Predecessor:} 7... h6 8. O-O b5 9. Bd3 Nbd7 10. Rd1 Bb7 11. Bf4 Bb4 12. a3 Ba5 13. b4 {1-0 (29) Mestrovic,J (1814)-Kacunko,J (2011) Split 2009}) 8. Bd3 {White is better.} Bb7 9. O-O Qc7 (9... h6 $16 {was necessary.}) 10. e5 $18 Nfd7 11. Ne4 (11. Bxh7 $18 c5 12. d5 Nxe5 13. Nxe5 Qxe5 14. dxe6) 11... c5 {[#]} 12. dxc5 $1 Nxe5 13. Nxe5 Qxe5 14. Re1 Qd5 (14... Nc6 {is a better defense.}) 15. Bf1 Nc6 16. Bf4 Nd4 17. Qc3 {[#] Rad1 is the strong threat.} Nf5 $2 (17... Qf5 18. Nd6+ Bxd6 19. Bxd6 Nc6 20. Rxe6+ fxe6) 18. Rad1 {White is clearly winning.} Qc6 19. g4 Nh4 {Black hopes to continue with ...b4.} 20. Bg5 Be7 {And now ...Bxg5 would win.} 21. Bxh4 Bxh4 22. Qxg7 {Threatens to win with Nd6+.} Ke7 23. Qh6 {[%mdl 64] Trapped Piece. Accuracy: White = 90%, Black = 27%.} 1-0

[Event "Portugal Open 2019"]
[Site "Lisbon"]
[Date "2019.02.05"]
[Round "5.40"]
[White "Fernandez Montero, Francisco M."]
[Black "Bubalovic, Davorin"]
[Result "0-1"]
[WhiteElo "2070"]
[BlackElo "2249"]
[Annotator "TA"]
[PlyCount "96"]
[EventDate "2019.01.25"]
[EventType "swiss"]
[EventCountry "POR"]
[SourceTitle "playchess.com"]
[Source "ChessBase"]
[SourceQuality "1"]

{[%evp 15,96,14,20,29,45,40,67,20,50,14,11,8,21,9,41,32,19,-33,8,-72,-71,-86,-83,-170,-13,-17,-12,-40,-47,-37,-37,-29,-46,-71,-47,-53,0,-24,-29,-39,-22,-41,-9,-22,22,24,41,29,37,35,218,71,80,19,108,78,232,217,209,202,214,121,458,457,416,108,386,0,0,0,0,0,0,-72,6,-29968,-29969,-2175,-150,-144,-140,-676,-664]} 1. e4 c5 2. Nf3 e6 3. c3 Nf6 4. e5 Nd5 5. d4 cxd4 6. cxd4 d6 7. a3 Nc6 8. Bd3 Bd7 ({Predecessor:} 8... Qc7 9. O-O {1-0 (27) Panarin,M (2528)-Kostin,A (2400) Voronezh 2007}) 9. O-O {B22: Sicilian: 2 c3} Qc7 $146 {[%cal Rd6e5]} (9... Rc8 10. Nbd2 dxe5 11. dxe5 Be7 12. Nc4 Na5 13. b3 Bc6 14. Nd4 Nxc4 15. Nxc6 bxc6 16. bxc4 Nb6 {0-1 (45) Maryasin,B (2340)-Vitiugov,N (2692) Israel 2010}) 10. Re1 Rc8 11. Nbd2 {White is slightly better.} Nf4 12. exd6 ({Predecessor:} 12. Bf1 Ng6 13. exd6 Bxd6 14. d5 Nd8 15. Nc4 Bf8 16. Bd2 b5 17. Ba5 {1-0 (27) Panarin,M (2528)-Kostin,A (2400) Voronezh 2007}) 12... Bxd6 13. Bb1 Ne7 {Threatens to win with ...Qxc1!} 14. Ne4 Bc6 15. Ne5 Nfg6 16. f4 ({Better is} 16. Nxc6 $11 Qxc6 17. Bd2 (17. Nxd6+ Qxd6 18. Be4 O-O $14)) 16... Bd5 17. Ng5 (17. Qa4+ $11 {remains equal.} Nc6 18. Nc3 (18. Nxd6+ Qxd6 19. f5 Ngxe5 $11)) 17... Bxe5 $17 18. fxe5 Qb6 19. Rf1 (19. b4 $17) 19... Rxc1 $2 (19... h6 $19 20. Nf3 (20. Nxf7 $2 O-O $19) 20... O-O) 20. Qxc1 $11 Qxd4+ {[%mdl 64] Double Attack} 21. Kh1 Nh4 {[%csl Gh4][%cal Rd5g2]} 22. Nf3 $1 {[%cal Rf3d4]} Nxf3 23. gxf3 Qxe5 24. Qc2 Bc6 25. Qf2 Nc8 ({Black should play} 25... O-O $15) 26. Bd3 (26. Be4 $5) 26... O-O 27. Rae1 Qa5 28. Rd1 g6 29. Be4 Bxe4 30. fxe4 Qe5 31. Qd4 {[%mdl 1024] White has compensation.} Qb5 32. a4 Qb6 $2 (32... Qa5 $14) 33. b4 (33. Qxb6 $1 $18 {is the precise move to win. Threatening mate with Qc7.} Nxb6 34. b3) 33... Qa6 $16 34. a5 (34. b5 $16 Qa5 35. Rd3) 34... Qe2 (34... Qb5 $1 $11) 35. Rf2 $36 {[%mdl 2048] White is on the roll.} Qb5 $2 (35... Qh5 $16 {might work better.}) 36. Qc5 $18 Qa4 37. Rfd2 $1 {[%cal Rd2d8] Strongly threatening Rd8.} b6 38. Qc3 $1 Ne7 $2 {[%mdl 8192]} (38... bxa5 $16 39. Rd8 Qxb4 40. Qxb4 axb4) 39. Rd8 {aiming for Rxf8+.} Nc6 40. Rxf8+ Kxf8 {[%mdl 4096] Endgame [#] KQR-KQN} 41. Rd7 $2 (41. Rc1 $1 $18) 41... e5 $11 42. Qc4 {[%csl Gd7][%cal Rc4f7]} Qa1+ 43. Kg2 {[%csl Gd7][%cal Rc4f7]} Qb2+ 44. Kh3 {[#]} (44. Kg3 $11 Qa3+ 45. Rd3) 44... Qa3+ (44... Qf2 $1 $17 {[%cal Rf2f3]} 45. Qxc6 Qf3+ 46. Kh4 h6 47. Qd6+ {[%mdl 64] Double Attack} Kg8 48. Qb8+ Kh7 49. Rxf7+ Qxf7 50. Qxe5 bxa5 51. bxa5 Qf2+ 52. Kh3 Qf3+ 53. Qg3 Qh5+ 54. Qh4 Qc5) 45. Kg4 $2 {[%mdl 8192]} (45. Rd3 $11 Qa1 46. Rf3) 45... h5+ 46. Kh4 g5+ $2 (46... Qf3 $19 {[%csl Gh5][%cal Rf3g4] and Black stays clearly on top.} 47. Rxf7+ Qxf7 48. Qxf7+ Kxf7 49. axb6 axb6) 47. Kxg5 $17 {[%csl Gd7][%cal Rc4f7]} Qe3+ 48. Kxh5 $2 {[%mdl 8192]} (48. Kh4 $17 Qf2+ 49. Kxh5) 48... Qh3+ {[%mdl 64] Double Attack. Accuracy: White = 34%, Black = 33%.} 0-1

[Event "Portugal Open 2019"]
[Site "Lisbon"]
[Date "2019.02.06"]
[Round "6.1"]
[White "David, Alberto"]
[Black "Motylev, Alexander"]
[Result "0-1"]
[WhiteElo "2560"]
[BlackElo "2644"]
[Annotator "TA"]
[PlyCount "186"]
[EventDate "2019.01.25"]
[EventType "swiss"]
[EventCountry "POR"]
[SourceTitle "playchess.com"]
[Source "ChessBase"]
[SourceQuality "1"]

{[%evp 20,186,6,16,26,25,25,0,19,11,20,15,12,7,23,-12,-15,-15,-18,-95,-79,-116,-102,-101,-81,-106,-77,-106,-101,-100,-106,-102,-103,-92,-89,-100,-90,-140,-77,-102,-98,-193,-194,-193,-79,-79,-79,-79,-79,-79,-36,-54,-54,-54,-54,-54,-54,-47,-6,-27,0,-31,0,-20,0,-36,22,22,23,-17,0,0,22,-20,0,0,0,-79,-62,-63,6,6,21,-74,0,0,37,38,56,-35,-33,-41,-43,-92,-92,-92,-92,-528,-531,-496,-501,-466,-462,-727,-92,-92,0,-776,-707,-395,-35,-35,-35,-35,-35,-35,-35,-35,-35,-50,0,-41,0,-50,-43,-308,-308,-290,-290,-290,-265,-258,-249,-2428,-2426,-5620,-5399,-2008,-1661,-29952,-29952,-29952,-29953,-29947,-29944,-29946,-29945,-29954,-29958,-29965,-784,-29972,-29973,-29970,-784,-770,-770,-29972,-29973,-29973,-29974,-29974,-29975,-29975,-29976,-29976,-29977,-29976,-29977]} 1. e4 e5 2. Nf3 Nc6 3. Bb5 Nf6 4. d3 d6 5. O-O g6 6. c3 Bg7 7. Re1 O-O 8. Bg5 h6 9. Bh4 Bd7 10. Nbd2 {[%cal Bb1d2,Bd2f1,Bf1e3,Be3c4][%mdl 32]} Qe8 {C66: Ruy Lopez: Steinitz Defence} 11. Nf1 {LiveBook: 13 Games} Kh8 $146 ({Predecessor:} 11... Ne7 12. Bc4 Kh8 13. Ne3 Ng4 14. d4 Nxe3 15. Rxe3 f6 16. Re1 Rd8 17. a4 Bc6 18. Qb3 {1-0 (49) Fressinet,L (2687)-Kramnik,V (2812) Paris 2016}) 12. Ne3 Rc8 {White has an edge.} 13. Nd2 Ng8 14. Bg3 f5 15. exf5 gxf5 {Threatens to win with ...f4.} 16. f4 Nge7 17. Nec4 {[%cal Rf4e5]} a6 18. Bxc6 $1 Nxc6 19. fxe5 (19. d4 $11) 19... f4 $1 $36 {[%cal Rf4g3][%mdl 2048] Black is in control.} 20. Bf2 b5 $1 {[%cal Rb5c4]} 21. Na3 dxe5 22. Nf3 Bg4 23. h3 Bh5 24. Qe2 Rd8 25. Nc2 Bf6 26. Kh1 Rg8 27. Rg1 Qd7 28. Rad1 Qf5 (28... Bg6 $142 {[%cal Rg6d3]} 29. d4 e4) 29. Rd2 Rd7 30. a3 (30. Na1 $17) 30... Rgd8 $19 31. Rgd1 Qh7 (31... Na5 $1 $19 {[%cal Ra5b3] and Black stays clearly on top. ...Nb3 is the strong threat.} 32. Nce1 Nb3) 32. Nb4 $17 Nxb4 33. axb4 {With the idea Bh4.} Qf5 34. Kh2 Rg7 35. Rg1 Kh7 36. Re1 Qg6 {[%csl Gg7][%cal Rg6g2]} 37. Rg1 Re7 38. Re1 Rg8 {[%csl Gg8][%cal Rg6g2]} 39. Rg1 Kh8 40. Qe1 Re6 41. Nh4 Qh7 42. Nf3 Re7 (42... Qd7 $15) 43. Bh4 $11 Qg7 44. Bf2 Rd8 45. Bh4 Rg8 46. Bf2 Qg6 47. Nh4 Qh7 48. Qe4 (48. g4 $11 {remains equal.} fxg3+ 49. Bxg3) 48... Rd7 49. Re1 Qg7 (49... Qxe4 $15 50. Rxe4 Kh7) 50. Nf5 Qg6 51. Nh4 (51. g3 $11) 51... Qg7 ({Better is} 51... Qxe4 $17 52. Rxe4 Kh7) 52. Nf5 $1 {[%cal Rf5g7]} Qh7 53. Bh4 Rf7 54. Bxf6+ (54. Kg1 $14) 54... Rxf6 $15 55. g4 Bxg4 $1 56. hxg4 Rxg4 57. Qxe5 ({Not} 57. Kh3 $2 Qg6 $19) 57... Qxf5 58. Rf2 $2 {[%mdl 8192]} (58. Rg2 $17 Rxg2+ 59. Kxg2) 58... f3 $19 {( -> ...Rh4+)} 59. Kh3 {Strongly threatening Qxf5.} Rg7+ 60. Qxf5 Rxf5 {[%cal Rf5h5][%mdl 4096] Endgame KRR-KRR} 61. Kh4 (61. Re4 $142 Rg1 62. Kh2) 61... Rf4+ $2 (61... Rg2 $1 $19 {[%cal Rg2f2] has better winning chances.} 62. Rxg2 fxg2) 62. Kh3 $17 Rf5 $2 {[%mdl 8192]} (62... Kh7 $17) 63. Kh4 $1 $19 Rg2 $1 64. Ref1 Kg7 $2 (64... Rxf2 $19 65. Rxf2 Kg7) 65. Rxf3 $15 Rxf3 66. Rxf3 Rxb2 {KR-KR} 67. Rf5 Rh2+ 68. Kg4 Rg2+ 69. Kh5 Rh2+ 70. Kg4 Rg2+ 71. Kh5 Rg6 {And now ...Rc6 would win.} 72. Re5 $2 {[%mdl 8192]} ({White should try} 72. Rc5 $15 c6 73. d4) 72... Rc6 $19 73. c4 bxc4 74. dxc4 Rxc4 75. Re6 Rxb4 76. Re7+ $2 (76. Rg6+ Kf8 77. Rxh6) 76... Kf6 77. Rxc7 a5 78. Rc6+ Ke7 79. Rxh6 Kd7 80. Kg5 Kc7 81. Kf5 a4 82. Ke5 {[#]} Kb7 $1 83. Kd5 a3 84. Rh7+ Kb6 (84... Ka6 $142 85. Rh8 Kb7 86. Rh7+ Kb6 87. Rh8 a2 88. Rb8+ Ka7 89. Rxb4 a1=Q 90. Re4 Qa2+ 91. Kd6 Qf2 92. Kd5 Kb6 93. Re6+ Kb5 94. Re5 Qf4 95. Re4 Qd2+ 96. Ke6 Qd3 97. Kf5 Kc5 98. Kf4 Kd5 99. Re8 Qd2+ 100. Kg4 Qg2+ 101. Kf4 Qd2+ 102. Kg4 Qg2+ 103. Kh4 Qg1 104. Ra8 Ke6 105. Ra6+ Kf7 106. Ra3 Qe1+ 107. Rg3 Kf6 108. Kg4 Qe4+ 109. Kh5 Qf5+ 110. Kh4 Qf4+ 111. Kh3 Kf5 112. Kg2 Qd2+ 113. Kh3 Qd1 114. Kh2 Qe2+ 115. Rg2 Qe5+ 116. Kg1 Qe1+ 117. Kh2 Kf4 118. Ra2 Qh4+ 119. Kg1 Qg3+ 120. Kh1 Qb3 121. Rh2 Qd5+ 122. Rg2 Kf3 123. Kh2 Qe5+ 124. Kh1 Qa1+ 125. Kh2 Qe1 126. Ra2 Qe5+ 127. Kg1 Qd4+ 128. Kh2 Qh8+ 129. Kg1 Qg8+ 130. Kh2 Qxa2+ 131. Kh3 Qg2+ 132. Kh4 Qg4#) 85. Rh6+ Kb5 86. Rh8 a2 (86... Rf4 $142 87. Re8 a2 88. Ra8 Rf2 89. Kd4 Kb4 90. Ke5 Kb3 91. Rb8+ Kc3 92. Ra8 Kb2 93. Ke6 a1=Q 94. Rxa1 Kxa1 95. Kd5 Re2 96. Kd4 Re6 97. Kc4 Kb2 98. Kd3 Re5 99. Kd2 Kb3 100. Kd3 Kb4 101. Kd4 Re1 102. Kd5 Kc3 103. Kc5 Rd1 104. Kb5 Kd4 105. Kc6 Kc4 106. Kb6 Rd6+ 107. Ka7 Kb5 108. Kb7 Rd7+ 109. Kc8 Kc6 110. Kb8 Kb6 111. Kc8 Rd1 112. Kb8 Rd8#) 87. Ra8 {[#]} Rb2 $1 ({Inferior is} 87... Ra4 88. Rb8+ Ka6 89. Ra8+ Kb5 90. Rb8+ Ka6 91. Ra8+ Kb5 $11) 88. Kd4 Kb4 {Black mates.} 89. Rb8+ Ka3 90. Ra8+ Kb3 91. Kd3 Rh2 92. Rb8+ Ka3 93. Ra8+ Kb2 {Precision: White = 38%, Black = 51%.} 0-1

[Event "Portugal Open 2019"]
[Site "Lisbon"]
[Date "2019.02.06"]
[Round "6.2"]
[White "Iturrizaga Bonelli, Eduardo"]
[Black "Kaasen, Tor Fredrik"]
[Result "1-0"]
[WhiteElo "2640"]
[BlackElo "2387"]
[Annotator "TA"]
[PlyCount "67"]
[EventDate "2019.01.25"]
[EventType "swiss"]
[EventCountry "POR"]
[SourceTitle "playchess.com"]
[Source "ChessBase"]
[SourceQuality "1"]

{[%evp 9,67,0,22,12,23,-16,0,-43,17,11,11,-4,30,-6,32,28,41,29,37,11,25,26,35,35,34,30,29,37,52,19,22,14,12,3,10,9,35,29,26,32,29,1,9,9,137,137,218,221,607,623,600,589,1280,1203,1012,539,29988,29989,29989,633]} 1. d4 Nf6 2. Nf3 (2. c4 g6 3. Nc3 d5 4. Nf3 {½-½ (74) Fedoseev,V (2724)-Carlsen,M (2835) Wijk aan Zee 2019}) 2... g6 3. c4 Bg7 4. Nc3 d5 5. h4 c6 6. cxd5 {D90: Grünfeld: 4 Nf3 Bg7 sidelines} cxd5 7. Bg5 (7. Bf4 Nc6 8. e3 O-O 9. Qb3 Na5 10. Qa3 Nc4 11. Bxc4 dxc4 12. O-O Bd7 {½-½ (74) Fedoseev,V (2724)-Carlsen,M (2835) Wijk aan Zee 2019}) 7... Nc6 8. e3 {The position is equal.} h6 $146 ({Black should play} 8... Nh5 $15) ({Predecessor:} 8... Nh5 9. Be2 h6 10. Bf4 Nxf4 11. exf4 Qd6 12. Qd2 h5 {½-½ (33) Shimanov,A (2642)-Izoria,Z (2594) Burlingame 2017}) 9. Bf4 $11 O-O 10. Be2 Bf5 11. Ne5 Ne4 12. Nxe4 Bxe4 13. Nxc6 bxc6 14. O-O Qb6 15. g4 g5 16. hxg5 hxg5 17. Bxg5 e5 18. dxe5 Bxe5 19. Bd3 Qxb2 20. Bxe4 dxe4 21. Qd7 Qe2 {Strongly threatening ...Qf3.} 22. Rac1 $36 {[%mdl 2048] Black should prevent Qf5. White has good play.} Qf3 {[#] Threatens to win with ...Kg7.} 23. Qf5 Qxf5 24. gxf5 f6 25. Bh4 Kf7 $1 26. Kg2 Rg8+ (26... Rh8 $1 $11 27. Bg3 Rh5) 27. Kh3 $16 Rh8 (27... Rgc8 $16 {was worth a try.}) 28. Rfd1 $18 Rxh4+ $2 {[#]} (28... a5 29. Rxc6 Rhc8 30. Rd7+ Ke8) 29. Kxh4 {KRR-KRB} Rh8+ 30. Kg4 Rh2 {intending ...Rg2+.} 31. f4 exf3 32. Kxf3 Rxa2 33. Rd7+ Ke8 34. Rh7 {Accuracy: White = 66%, Black = 36%.} (34. Rcd1 $142 Bc7 35. Rxc7 Ra5 36. Rh1 Kd8 37. Rg7 Rxf5+ 38. Ke2 Re5 39. Rxa7) 1-0

[Event "Portugal Open 2019"]
[Site "Lisbon"]
[Date "2019.02.06"]
[Round "6.3"]
[White "Kadric, Denis"]
[Black "Hansen, Eric"]
[Result "1-0"]
[WhiteElo "2545"]
[BlackElo "2615"]
[Annotator "TA"]
[PlyCount "136"]
[EventDate "2019.01.25"]
[EventType "swiss"]
[EventCountry "POR"]
[SourceTitle "playchess.com"]
[Source "ChessBase"]
[SourceQuality "1"]

{[%evp 21,136,28,31,20,20,27,34,25,38,34,52,48,66,60,60,68,85,7,6,0,47,46,66,68,91,88,91,91,91,91,91,84,84,84,84,84,84,84,84,84,84,84,84,84,84,84,103,103,103,103,103,103,103,103,106,106,106,106,106,103,106,103,106,98,106,106,106,77,92,77,77,77,77,17,23,-12,-25,-21,-21,-21,-21,-21,-21,-21,-21,-24,-40,-73,-73,-290,-73,-73,-73,-73,-73,-73,-72,-66,0,-66,-66,-66,-28,-18,-20,-48,0,0,0,0,0,0,0,0,0,0,0]} 1. e4 e5 2. Nf3 Nc6 3. Bc4 Bc5 4. c3 ({Predecessor:} 4. O-O Nf6 5. d3 a6 {1-0 (37) Kollars,D (2540)-Rydstrom,T (2294) Esbjerg 2018}) 4... Nf6 5. d3 a6 $146 (5... d6 6. Nbd2 a6 7. Bb3 O-O 8. O-O Ba7 {½-½ (58) Anand,V (2779)-Nakamura,H (2779) Saint Louis 2016}) 6. O-O d6 ({Predecessor:} 6... Ba7 7. Nbd2 O-O 8. h3 {1-0 (37) Kollars,D (2540)-Rydstrom,T (2294) Esbjerg 2018}) 7. Nbd2 {[%cal Bb1d2,Bd2f1,Bf1g3][%mdl 32]} O-O 8. h3 Ba7 9. Bb3 Ne7 (9... h6 10. Re1 Re8 11. Nf1 Be6 12. Bc2 Ne7 13. d4 Ng6 {½-½ (58) Anand,V (2779)-Nakamura,H (2779) Saint Louis 2016}) 10. Re1 Ng6 11. Nf1 Be6 ({Predecessor:} 11... Re8 12. Ng3 h6 13. d4 Be6 {1-0 (37) Kollars,D (2540)-Rydstrom,T (2294) Esbjerg 2018}) 12. Bc2 {C54: Giuoco Piano: 4 c3 Nf6, main lines with 5 d4 and 5 d3} h6 13. Ng3 Re8 14. d4 {White is slightly better.} c6 15. Be3 Qc7 16. Qd2 Rad8 17. Nf5 (17. Rad1 b5 18. b3 Bb6 19. Qc1 Bc8 {½-½ (58) Anand,V (2779)-Nakamura,H (2779) Saint Louis 2016}) 17... Bxf5 18. exf5 e4 19. Nh2 (19. fxg6 $16 {aiming for Bb3.} exf3 20. gxf3) 19... Nf8 $1 $11 20. Ng4 Qe7 21. f3 Nxg4 22. hxg4 exf3 23. gxf3 Qh4 24. Kg2 d5 25. Rh1 Qe7 26. Rae1 {Black must now prevent Bxh6.} Bb8 27. f4 Qd6 28. Qf2 Rxe3 29. Qxe3 {Ref1 is the strong threat.} Qxf4 30. Qxf4 Bxf4 31. Re2 {Threatens to win with Rhe1.} Nd7 32. Bd3 Nf6 33. Kf3 Bd6 34. b4 Ra8 35. Rb1 Kf8 36. a4 Rc8 37. Rh1 Kg8 38. Rg1 Nh7 39. Ke3 Kf8 40. Kd2 Bf4+ 41. Kc2 Nf6 42. Kb3 Nd7 43. Rgg2 Bg5 44. Ra2 Bf6 45. Rac2 Ke7 46. Rge2+ Kd6 47. Rc1 (47. a5 $16) 47... a5 $1 48. c4 {Black should prevent cxd5.} axb4 49. cxd5 c5 50. Bb5 {Strongly threatening Bxd7.} Bxd4 51. Bxd7 $1 Kxd7 {[%mdl 4096] Endgame KRR-KRB} 52. Kc4 b6 53. Rce1 Bf6 $1 54. Ra2 {White wants to play a5.} Ra8 55. Re4 $2 {[#]} (55. Re3 $17) 55... Kd6 $2 (55... b5+ $1 $19 {[%mdl 512] has better winning chances.} 56. Kb3 (56. axb5 Rxa2) 56... bxa4+ 57. Rxa4 Rxa4 58. Kxa4 Kd6) 56. Ree2 $17 Ra5 57. Red2 Be5 58. Re2 Bc3 59. Rf2 Bf6 ({Better is} 59... Ra8 $15) 60. Rfe2 (60. Rfd2 $1 $11) 60... Bd4 $15 61. Rg2 b3 62. Kxb3 Kxd5 63. Rge2 Ra7 64. Re8 {The position is equal.} c4+ 65. Kb4 Bc5+ 66. Kc3 {And now Rd2+ would win.} Bd4+ 67. Kb4 Bc5+ 68. Kc3 {Hoping for Rd2+.} Bd4+ {[%mdl 32768] Accuracy: White = 63%, Black = 66%. . Loss on time!?} 1-0

[Event "Portugal Open 2019"]
[Site "Lisbon"]
[Date "2019.02.06"]
[Round "6.4"]
[White "Korley, Kassa"]
[Black "Petrov, Nikita"]
[Result "1/2-1/2"]
[WhiteElo "2426"]
[BlackElo "2585"]
[Annotator "TA"]
[PlyCount "46"]
[EventDate "2019.01.25"]
[EventType "swiss"]
[EventCountry "POR"]
[SourceTitle "playchess.com"]
[Source "ChessBase"]
[SourceQuality "1"]

{[%evp 9,46,22,18,17,33,31,35,30,31,24,36,25,32,31,34,27,34,33,35,34,33,18,19,17,22,17,16,12,20,11,16,16,16,16,6,14,10,0,24]} 1. d4 Nf6 2. Nf3 d5 3. c4 e6 4. Nc3 a6 5. cxd5 exd5 6. Bg5 {D37: Queen's Gambit Declined: 5 Bf4} Be6 7. e3 Nbd7 8. Bd3 {White is slightly better.} Bd6 9. O-O O-O (9... c6 10. Qc2 Qc7 11. Rfe1 O-O 12. a3 Bg4 13. Bh4 Bh5 {0-1 (35) Mamedyarov,S (2817)-Maghsoodloo,P (2688) St Petersburg 2018}) 10. Qc2 h6 11. Bf4 Qe7 12. Bxd6 Qxd6 13. Rfc1 Rfe8 14. Na4 $146 c6 15. Nc5 Nxc5 {The position is equal.} 16. Qxc5 Qd8 17. Ne5 Nd7 18. Nxd7 Bxd7 19. Qd6 Re6 20. Qg3 Rf6 21. b4 Bf5 22. Bxf5 Rxf5 23. a4 Rg5 {Accuracy: White = 77%, Black = 78%.} 1/2-1/2

[Event "Portugal Open 2019"]
[Site "Lisbon"]
[Date "2019.02.06"]
[Round "6.5"]
[White "Xu, Xiangyu"]
[Black "Stefansson, Hannes"]
[Result "1/2-1/2"]
[WhiteElo "2565"]
[BlackElo "2514"]
[Annotator "TA"]
[PlyCount "100"]
[EventDate "2019.01.25"]
[EventType "swiss"]
[EventCountry "POR"]
[SourceTitle "playchess.com"]
[Source "ChessBase"]
[SourceQuality "1"]

{[%evp 22,100,18,0,5,0,0,0,0,0,0,0,0,0,0,0,0,0,0,0,0,0,0,0,0,0,0,0,66,0,0,0,2,0,0,0,0,0,0,0,0,0,0,0,0,0,0,-15,0,0,0,0,0,0,0,-6,0,0,0,0,0,0,0,0,0,0,0,0,0,0,0,0,0,0,0,0,0,0,0,0,0]} 1. d4 Nf6 $146 ({Predecessor:} 1... d5 2. Nf3 Nf6 3. c4 e6 4. g3 Be7 {½-½ (20) Sanz Algarrada,J (2346)-Rost,D (2470) ICCF email 2013}) 2. c4 e6 3. g3 d5 4. Bg2 Be7 5. Nf3 O-O 6. Nc3 dxc4 7. Ne5 c5 8. dxc5 Qxd1+ 9. Nxd1 Bxc5 10. Nc3 ({Predecessor:} 10. Nxc4 Nc6 11. O-O Nd5 12. Nc3 {½-½ (20) Sanz Algarrada,J (2346)-Rost,D (2470) ICCF email 2013}) 10... Nc6 11. Nxc4 Rd8 12. O-O Nd5 {E06: Closed Catalan: Early deviations} 13. Rd1 {[%cal Rc3d5]} Nxc3 14. Rxd8+ Nxd8 15. bxc3 f6 16. Be3 ({Predecessor:} 16. Rb1 Rb8 17. Ba3 Bxa3 18. Nxa3 Bd7 19. f4 Kf8 20. c4 {½-½ (20) Sanz Algarrada,J (2346)-Rost,D (2470) ICCF email 2013}) 16... Bxe3 17. Rd1 Bxf2+ 18. Kxf2 Nf7 19. Nd6 Ne5 20. Rb1 Rb8 21. Nxc8 Rxc8 22. Rxb7 $11 {[%mdl 4096] Endgame KRB-KRN} a5 23. Rb5 Rxc3 24. Bh3 a4 ({Black should play} 24... Kf7 $11) 25. Ra5 ({White should try} 25. Bxe6+ $14 Kf8 26. Ra5) 25... Rc6 {The position is equal.} 26. Rxa4 h5 27. Bg2 Rc3 28. h3 f5 29. Ra8+ Kf7 30. a4 Ng6 31. a5 f4 32. g4 (32. Bf3 {is interesting.} fxg3+ 33. Kxg3 h4+ 34. Kh2 Kf6 35. a6) 32... hxg4 33. hxg4 Ne5 34. Bf3 (34. Ra7+ {looks sharper.} Kf6 35. g5+ Kxg5 36. Rxg7+ Kf6 37. Rg8) 34... Nxf3 35. exf3 {KR-KR} Rc2+ 36. Kf1 Ra2 37. a6 Kg6 38. Ke1 Kg5 {[#] Strongly threatening ...Kh4.} 39. a7 e5 40. Kd1 g6 41. Kc1 e4 42. fxe4 f3 43. e5 Kxg4 (43... f2 $5 44. Rf8 $8 Rxa7 45. Rxf2 Kxg4 $11) 44. e6 f2 {[%cal Rf2f1] [#]} 45. Rf8 {Black must now prevent e7.} Rxa7 46. Rxf2 Re7 47. Re2 Kf5 48. Kd2 Rxe6 49. Rxe6 Kxe6 50. Ke2 Ke5 {Accuracy: White = 73%, Black = 75%.} 1/2-1/2

[Event "Portugal Open 2019"]
[Site "Lisbon"]
[Date "2019.02.06"]
[Round "6.6"]
[White "Bernadskiy, Vitaliy"]
[Black "Low, Zhen Yu Cyrus"]
[Result "1-0"]
[WhiteElo "2570"]
[BlackElo "2377"]
[Annotator "TA"]
[PlyCount "87"]
[EventDate "2019.01.25"]
[EventType "swiss"]
[EventCountry "POR"]
[SourceTitle "playchess.com"]
[Source "ChessBase"]
[SourceQuality "1"]

{[%evp 10,87,25,21,13,18,9,8,39,-8,0,0,-6,2,8,0,18,22,19,20,20,27,28,0,0,0,0,0,0,4,5,0,23,15,46,43,34,35,96,89,97,97,108,108,108,108,121,121,121,119,179,179,179,175,175,179,182,181,175,179,175,179,164,165,195,188,207,191,199,199,209,214,204,210,355,358,702,696,685,671]} 1. e4 c5 2. Nf3 Nc6 3. Bb5 g6 4. Bxc6 bxc6 5. O-O Bg7 6. Re1 Rb8 {B31: Sicilian: 2...Nc6 3 Bb5 g6} 7. c3 Nf6 8. Qa4 Rb7 $146 {The position is equal.} ({Predecessor:} 8... Qb6 9. Na3 O-O 10. d3 Qa6 11. Qc2 Rd8 12. e5 Nd5 13. Nc4 Qb7 14. Bg5 {½-½ (38) Neiksans,A (2561)-Kovalenko,I (2632) Palanga 2018}) 9. d3 O-O 10. Nbd2 Qc7 11. e5 Nd5 12. Qh4 f6 13. exf6 Bxf6 14. Ng5 Bxg5 $1 15. Qxg5 Qf4 16. Qxf4 Nxf4 17. Rxe7 {aiming for Nc4.} Nxd3 18. Nc4 {Nd6 is the strong threat.} d5 19. Rxb7 Bxb7 20. Na5 $1 {[%cal Ra5b7]} Ba6 21. Be3 Rf6 22. Nb3 $36 {[%mdl 2048] White has some pressure.} c4 23. Nc5 Nxc5 ({Black should play} 23... Bc8 $1 $14) 24. Bxc5 $14 {[%mdl 4096] Endgame KRB-KRB} Rf7 25. b4 cxb3 26. axb3 {[%cal Ba2b3,Bb3b4][%mdl 32]} Bd3 27. Bxa7 Rb7 28. b4 Re7 29. Bc5 Rd7 (29... Re6 $16 30. h3 h5) 30. Ra8+ $18 Kf7 {[#]} 31. f3 $1 Ke6 32. Re8+ Kf7 33. Rc8 Bb5 34. Kf2 Ke6 35. Ke3 Rf7 36. Rd8 Rd7 37. Re8+ Kf7 38. Rh8 Ke6 39. g4 Ba4 40. f4 Bd1 41. h3 h5 {[#]} (41... d4+ {was worth a try.} 42. Bxd4 (42. cxd4 Kd5 $18) 42... Bb3) 42. f5+ $1 {[%mdl 512]} Kf6 $2 (42... gxf5 43. Rh6+ (43. gxh5 f4+ {[%mdl 64] Decoy} 44. Kxf4 Rf7+ 45. Ke3 Ba4 $18) 43... Kf7 44. gxf5 Kg8 45. Rxc6 Bc2) 43. Bd4+ Kg5 {[#]} 44. h4+ $1 {[%mdl 512] Accuracy: White = 97%, Black = 41%.} 1-0